00381nam a2200145Ia 450000500170000000800410001702000150005808200190007324500380009226000340013030000170016465000100018170000240019170000200021520241217025109.0240331s9999 xx 000 0 und d a1856496465 bYUV25454a305 0aWomen, Citizenship and Difference aNew YorkbZed Books Ltdc1999 axii, 271 p., aWomen aYuval-Davis, Needt aWerbner, Peedt